| 000 | 00687nam a22002177a 4500 | ||
|---|---|---|---|
| 003 | BUBTL | ||
| 008 | 221116b ||||| |||| 00| 0 eng d | ||
| 020 | _a9847002005333 | ||
| 082 | _a822.912/ Sh261a/ 2006 | ||
| 100 |
_94903 _aShaw, George Bernard |
||
| 245 |
_aArms and The Man/ _cGeorge Bernard Shaw |
||
| 250 | _a1st Edn. | ||
| 260 |
_aDhaka: _bFriends' Book Corner, _cc2006 |
||
| 300 |
_axvi, 168 p.: _c18 cm |
||
| 440 |
_aFriends' Classics _94221 |
||
| 505 | _aArms and The Man, George Bernard Shaw, Friends' Classics, English | ||
| 650 | 0 |
_91994 _aEnglish Literature |
|
| 856 |
_k0 _l0 _yDownload |
||
| 942 |
_2ddc _cBK |
||
| 999 |
_c6793 _d6793 |
||